000 01350nam a22003737a 4500
001 001138
003 DO-SdPBM
005 20251029120431.0
007 ta
008 160812b2005 ag ||| 00| 0 spa d
020 _a9789875504356
040 _aDO-SdPBM
_bspa
_cBPMSU
_erda
082 4 _a303.61
_bT488g 2005
_222
100 1 _aGandhi, Mahatma
245 1 0 _aThoreau, Gandhi y otros :
_bdesobediencia civil y otras propuestas /
_cMahatma Gandhi, Henry David Thoreau ; traducción y prólogo Miguel Grinberg
264 _aBuenos Aires :
_bLongseller,
_c2005.
300 _a267 páginas :
_bilustraciones,
_c18 cm.
336 _atexto
_btxt
_2rdacontent
337 _asin mediación
_bn
_2rdamedia
338 _avolumen
_bnc
_2rdacarrier
490 0 _aClásicos de siempre ;
_aGrandes Maestros,
_v5
500 _aIncluye referencias bibliográficas y notas al pie de las páginas
590 _aInventariado, 2025/VM
600 1 7 _aGandhi, Mahatma,
_d1869-1948
600 1 7 _aKing, Martin Luther,
_d1929-1968
600 1 7 _aKing, Martin Luther,
_d1929-1968.
650 7 _a Resistencia civil
650 7 _aResistencia civil
_zEstados Unidos
650 7 _aResistencia civil
_xHistoria.
650 7 _aResistencia civil
_xTeoría
700 1 _a]Grinberg, Miguel,
_eprólogo
910 _aVMateo V. Control de calidad BPMSU
942 _2ddc
_cBK
999 _c11160
_d11160